Rompeteclados - Escribe palabras difíciles - Estadísticas

Estadísticas generales
  • Esta prueba ha sido intentada 42 veces
  • La puntuación promedio es 25 de 40
Estadísticas de respuestas
Palabra % Correcto
Marimandona
97%
Cholulteco
97%
Aleutianos
97%
Hispanorromancillo
94%
Gonocorismo
91%
Abadengas
91%
Cesolfaút
91%
Oficinesquillas
84%
Correveidiles
84%
Fotolitográficamente
81%
Absorciómetro
81%
Hematopoyético
81%
Fundamentándonos
75%
Briozootes
75%
Menfíticamente
72%
Jamahiriya
72%
Coexistiríamos
69%
Wagnerianamente
66%
Afronorteamericano
63%
Altoparaguayiense
59%
Barnaclillas
59%
Apeñuscándooslo
56%
Yuxtapondremos
56%
Empigüelándolas
56%
Paralelepípedos
56%
Onomasiologiquito
53%
Mayordomazgo
53%
Monocloroacético
53%
Contrarrevolucionariamente
50%
Willoughbyas
47%
Obsolescentemente
47%
Puertoaiseninos
44%
Autodiagnostiquillos
41%
Macroensamblador
41%
Farmacopsicología
38%
Saskatchewan
34%
Nacionalsindicalismo
31%
Paratiroideísimos
31%
Paleofitopatología
28%
Contenciosoadministrativos
28%
No se encontraron pruebas coincidentes
Distribución de puntuación
Porcentaje de gente con cada puntuación
Porcentaje por número respondido
Historial de tus puntuaciones
No has intentado esta prueba.